| 000 | 00667nam a2200265Ia 4500 | ||
|---|---|---|---|
| 005 | 20260306163502.0 | ||
| 008 | 008 260114s9999 xx 000 0 eng d | ||
| 020 | _a9780226818689 | ||
| 037 | _aEBOOK | ||
| 040 | _aCRL | ||
| 040 | _beng | ||
| 040 | _cCRL | ||
| 041 | _2eng | ||
| 041 | _aeng | ||
| 084 | _qCRL | ||
| 100 |
_aCiucci _91128728 |
||
| 245 | 4 | _aThe Voice Of The Rural: Music, Poetry, And Masculinity Among Migrant Moroccan Men In Umbria | |
| 260 | _bUniversity of Chicago Press | ||
| 260 | _c2023 | ||
| 650 | _aMusic | ||
| 856 | _uhttps://academic.oup.com/book/45490 | ||
| 942 | _cEBOOK | ||
| 999 |
_c1710292 _d1710292 |
||